Detalles MARC
| 000 -LÍDER |
| Campo fijo de descripción fija |
04779nam a2201105 i 4500 |
| 001 - NÚMERO DE CONTROL |
| Campo de control |
768714001 |
| 003 - IDENTIFICADOR DEL NÚMERO DE CONTROL |
| Campo de control |
CO-MdFUSB |
| 005 - FECHA Y HORA DE LA ULTIMA TRANSACCIÓN |
| control field |
20220623062546.0 |
| 007 - CAMPO FIJO DE DESCRIPCIÓN FIJA--INFORMACIÓN GENERAL |
| Campo fijo de descripción fija |
ta |
| 008 - ELEMENTOS DE LONGITUD FIJA -- INFORMACIÓN GENERAL |
| Campo fijo de descripción fija -- Información general |
820709t1983 nyu b 000 0 eng |
| 020 ## - NÚMERO INTERNACIONAL NORMALIZADO PARA LIBROS |
| Número Internacional Normalizado del libro |
0385148046 |
| 020 ## - NÚMERO INTERNACIONAL NORMALIZADO PARA LIBROS |
| Número Internacional Normalizado del libro |
0385246935 |
| 020 ## - NÚMERO INTERNACIONAL NORMALIZADO PARA LIBROS |
| Número Internacional Normalizado del libro |
0385114346 |
| 020 ## - NÚMERO INTERNACIONAL NORMALIZADO PARA LIBROS |
| Número Internacional Normalizado del libro |
0385156510 |
| 020 ## - NÚMERO INTERNACIONAL NORMALIZADO PARA LIBROS |
| Número Internacional Normalizado del libro |
0385412568 |
| 020 ## - NÚMERO INTERNACIONAL NORMALIZADO PARA LIBROS |
| Número Internacional Normalizado del libro |
0385175930 |
| 020 ## - NÚMERO INTERNACIONAL NORMALIZADO PARA LIBROS |
| Número Internacional Normalizado del libro |
038501029x |
| 020 ## - NÚMERO INTERNACIONAL NORMALIZADO PARA LIBROS |
| Número Internacional Normalizado del libro |
0385053169 |
| 020 ## - NÚMERO INTERNACIONAL NORMALIZADO PARA LIBROS |
| Número Internacional Normalizado del libro |
0385067607 |
| 020 ## - NÚMERO INTERNACIONAL NORMALIZADO PARA LIBROS |
| Número Internacional Normalizado del libro |
0385068085 |
| 020 ## - NÚMERO INTERNACIONAL NORMALIZADO PARA LIBROS |
| Número Internacional Normalizado del libro |
0385469284 |
| 020 ## - NÚMERO INTERNACIONAL NORMALIZADO PARA LIBROS |
| Número Internacional Normalizado del libro |
0385046952 |
| 020 ## - NÚMERO INTERNACIONAL NORMALIZADO PARA LIBROS |
| Número Internacional Normalizado del libro |
0385008945 |
| 020 ## - NÚMERO INTERNACIONAL NORMALIZADO PARA LIBROS |
| Número Internacional Normalizado del libro |
0385027656 |
| 020 ## - NÚMERO INTERNACIONAL NORMALIZADO PARA LIBROS |
| Número Internacional Normalizado del libro |
0385411146 |
| 020 ## - NÚMERO INTERNACIONAL NORMALIZADO PARA LIBROS |
| Número Internacional Normalizado del libro |
0385497164 |
| 020 ## - NÚMERO INTERNACIONAL NORMALIZADO PARA LIBROS |
| Número Internacional Normalizado del libro |
0385497172 |
| 020 ## - NÚMERO INTERNACIONAL NORMALIZADO PARA LIBROS |
| Número Internacional Normalizado del libro |
0385501749 |
| 020 ## - NÚMERO INTERNACIONAL NORMALIZADO PARA LIBROS |
| Número Internacional Normalizado del libro |
038541112X |
| 020 ## - NÚMERO INTERNACIONAL NORMALIZADO PARA LIBROS |
| Número Internacional Normalizado del libro |
0385511604 |
| 020 ## - NÚMERO INTERNACIONAL NORMALIZADO PARA LIBROS |
| Número Internacional Normalizado del libro |
0385009542 |
| 020 ## - NÚMERO INTERNACIONAL NORMALIZADO PARA LIBROS |
| Número Internacional Normalizado del libro |
0385182007 |
| 020 ## - NÚMERO INTERNACIONAL NORMALIZADO PARA LIBROS |
| Número Internacional Normalizado del libro |
0385047029 |
| 020 ## - NÚMERO INTERNACIONAL NORMALIZADO PARA LIBROS |
| Número Internacional Normalizado del libro |
038500768X |
| 020 ## - NÚMERO INTERNACIONAL NORMALIZADO PARA LIBROS |
| Número Internacional Normalizado del libro |
0385412053 |
| 020 ## - NÚMERO INTERNACIONAL NORMALIZADO PARA LIBROS |
| Número Internacional Normalizado del libro |
0385007736 |
| 020 ## - NÚMERO INTERNACIONAL NORMALIZADO PARA LIBROS |
| Número Internacional Normalizado del libro |
0385235259 |
| 020 ## - NÚMERO INTERNACIONAL NORMALIZADO PARA LIBROS |
| Número Internacional Normalizado del libro |
0385144822 |
| 020 ## - NÚMERO INTERNACIONAL NORMALIZADO PARA LIBROS |
| Número Internacional Normalizado del libro |
038546892X |
| 020 ## - NÚMERO INTERNACIONAL NORMALIZADO PARA LIBROS |
| Número Internacional Normalizado del libro |
0385135173 |
| 020 ## - NÚMERO INTERNACIONAL NORMALIZADO PARA LIBROS |
| Número Internacional Normalizado del libro |
0385144245 |
| 020 ## - NÚMERO INTERNACIONAL NORMALIZADO PARA LIBROS |
| Número Internacional Normalizado del libro |
0385189133 |
| 020 ## - NÚMERO INTERNACIONAL NORMALIZADO PARA LIBROS |
| Número Internacional Normalizado del libro |
0385085338 |
| 020 ## - NÚMERO INTERNACIONAL NORMALIZADO PARA LIBROS |
| Número Internacional Normalizado del libro |
0385048645 |
| 020 ## - NÚMERO INTERNACIONAL NORMALIZADO PARA LIBROS |
| Número Internacional Normalizado del libro |
0385004265 |
| 020 ## - NÚMERO INTERNACIONAL NORMALIZADO PARA LIBROS |
| Número Internacional Normalizado del libro |
0385016441 |
| 040 ## - FUENTE DE CATALOGACIÓN |
| Agencia de catalogación original |
DLC |
| Idioma de catalogación |
eng |
| Agencia que realiza la transcripción |
CO-MdFUSB |
| Agencia que realiza la modificación |
LML |
| Convenciones de la descripción |
rda |
| 041 ## - CÓDIGO DE IDIOMA |
| Código de idioma para texto/pista de sonido o título separado |
eng |
| 082 ## - NÚMERO DE CLASIFICACIÓN DECIMAL DEWEY |
| Número de la edición del Dewey |
23 |
| Número de clasificación |
221.7 |
| Clave de autor-Numero de item |
N532 |
| 100 ## - ASIENTO PRINCIPAL--NOMBRE PERSONAL |
| Nombre personal |
Propp, William Henry, |
| Término relacionador |
autor |
| 245 10 - TÍTULO |
| Título del Material |
The Anchor Bible : |
| Parte restante del título - Subtitulo |
a new translation with introduction and commentary / |
| Mención de responsabilidad, etc. |
William Henry Propp … [y otros autores] |
| 264 #1 - PRODUCCIÓN, PUBLICACIÓN, DISTRIBUCIÓN, MANUFACTURA, Y COPYRIGHT |
| Lugar de producción, publicación, distribución, manufactura |
Garden City, N.Y. : |
| Nombre del productor, publicador, distribuidor |
Doubleday, |
| Fecha de producción, publicación, distribución, manufactura, o copyright |
[1999] |
| 264 #4 - PRODUCCIÓN, PUBLICACIÓN, DISTRIBUCIÓN, MANUFACTURA, Y COPYRIGHT |
| Fecha de producción, publicación, distribución, manufactura, o copyright |
© 1999 |
| 300 ## - DESCRIPCIÓN FÍSICA |
| Extensión |
Volúmenes |
| Dimensiones |
; 24 cm. |
| 336 ## - TIPO DE CONTENIDO |
| Término de tipo de contenido |
texto |
| Código de tipo de contenido |
txt |
| Fuente |
rdacontent. |
| 337 ## - TIPO DE MEDIO |
| Nombre del tipo de medio |
sin mediación |
| Código del tipo de medio |
n |
| Fuente |
rdamedia. |
| 338 ## - TIPO DE SOPORTE |
| Nombre del tipo de soporte |
volumen |
| Código Tipo de soporte |
nc |
| Fuente |
rdacarrier. |
| 490 ## - MENCIÓN DE SERIE |
| Mención de serie |
The Anchor Bible ; |
| 505 ## - NOTA DE CONTENIDO |
| Nota de contenido con formato preestablecido |
Vol.1: Éxodos 1-18 / William Henry Propp -- Vol.3: Levíticos 1-16 / Jacob, Milgrom -- Vol.4: Números 1-20 / Baruch A. Levine -- Vol.4a: Números 21-36 / Baruch A. Levine -- Vol.5: Deuteronomio 1-11 / Weinfeld, Moshe. -- Vol.6a: Jueces / Boling, Robert G. -- Vol7: Ruth / Campbell, Edward F. -- Vol.8: I Samuel / McCarter, P. Kyle -- Vol.9: II Samuel / McCarter, P. Kyle. -- Vol.12: I Crónicas / Knoppers, Gary N. -- Vol.14:Esdras - Nehemías / Myers, Jacob -- Vol.15: Job / Pope, Marvin H.-- Vol.16:Salmos / Mitchell J. Dahood -- Vol.18c: Eclesiastés / Seow, C. L. -- Vol.19: Isaías 1-39 / Blenkinsopp, Joseph -- Vol.19a: Isaías 40-55 / Blenkinsopp, Joseph -- Vol.19b: Isaías 56 66 / Blenkinsopp, Joseph -- Vol.21a: Jeremías 1-20 / Lundbom, Jack R. -- Vol.21c: Jeremías 27-52 / Lundbom, Jack R. -- Vol.22: Ezechiel 1 - 20 / Greenberg, Moshe -- Vol.22a: Ezekiel 21-37 / Greenberg, Moshe -- Vol.24: Hosea / Andersen, Francis I.-- Vol.24a: Amos / Andersen, Francis I. -- Vol.24b: Jonás / Sasson, Jack M. -- Vol.24c: Joel / Crenshaw, James L. -- Vol.24b: Hageo, Zacarías 1-8 / Meyers, Carol L. -- Vol.25d: Malaquías / Hill, Andrew E. -- Vol.39: Sabiduría de Ben Sira / Skehan, Patrick W. -- Vol.40: Judith / Moore, Carey A. -- Vol.40a: Tobías / Moore, Carey A. -- Vol.41: I Macabeos / Goldstein, Jonathan A. -- Vol.41a: II Macabeos / Goldstein, Jonathan A. -- Vol.42: I - II Esdras / Myers, Jacob M. -- Vol.43: La sabiduría de Salomón / Winston, David. --Vol.44: Daniel, Esther, and Jeremías : Las adiciones. / Moore, Carey A. |
| 563 ## - NOTA DE ENCUADERNACIÓN |
| Nota de encuadernación |
Pasta dura |
| 630 07 - TITULO UNIFORME |
| Título uniforme |
Biblia. |
| Nombre de parte o sección de la obra |
Éxodo |
| 630 07 - TITULO UNIFORME |
| Título uniforme |
Biblia. |
| Nombre de parte o sección de la obra |
Levíticos |
| 630 07 - TITULO UNIFORME |
| Título uniforme |
Biblia. |
| Nombre de parte o sección de la obra |
Deuteronomio |
| 630 07 - TITULO UNIFORME |
| Título uniforme |
Biblia. |
| Nombre de parte o sección de la obra |
Jueces |
| 630 07 - TITULO UNIFORME |
| Título uniforme |
Biblia. |
| Nombre de parte o sección de la obra |
Rut |
| 630 07 - TITULO UNIFORME |
| Título uniforme |
Biblia. |
| Nombre de parte o sección de la obra |
Samuel, 1ª |
| 630 07 - TITULO UNIFORME |
| Título uniforme |
Biblia. |
| Nombre de parte o sección de la obra |
Crónicas |
| 700 ## - ASIENTO SECUNDARIO - NOMBRE PERSONAL |
| Nombre personal |
Milgrom, Jacob, |
| Responsabilidad |
autor |
| 9 (RLIN) |
6398 |
| 700 ## - ASIENTO SECUNDARIO - NOMBRE PERSONAL |
| Nombre personal |
Weinfeld, Moshe, |
| Responsabilidad |
autor |
| 9 (RLIN) |
6400 |
| 700 ## - ASIENTO SECUNDARIO - NOMBRE PERSONAL |
| Nombre personal |
Boling, Robert G. |
| Responsabilidad |
autor |
| 9 (RLIN) |
6421 |
| 700 ## - ASIENTO SECUNDARIO - NOMBRE PERSONAL |
| Nombre personal |
Campbell, Edward Fay, |
| Responsabilidad |
autor |
| 9 (RLIN) |
6422 |
| 700 ## - ASIENTO SECUNDARIO - NOMBRE PERSONAL |
| Nombre personal |
McCarter, P. Kyle, |
| Responsabilidad |
autor |
| 9 (RLIN) |
6326 |
| 700 ## - ASIENTO SECUNDARIO - NOMBRE PERSONAL |
| Nombre personal |
Knoppers, Gary N., |
| Responsabilidad |
autor |
| 9 (RLIN) |
6423 |
| 700 ## - ASIENTO SECUNDARIO - NOMBRE PERSONAL |
| Nombre personal |
Myers, Jacob, |
| Responsabilidad |
autor |
| 9 (RLIN) |
6424 |
| 700 ## - ASIENTO SECUNDARIO - NOMBRE PERSONAL |
| Nombre personal |
Pope, Marvin H. |
| Responsabilidad |
autor |
| 9 (RLIN) |
6425 |
| 700 ## - ASIENTO SECUNDARIO - NOMBRE PERSONAL |
| Nombre personal |
Dahood, Mitchell J. |
| Responsabilidad |
autor |
| 9 (RLIN) |
6426 |
| 700 ## - ASIENTO SECUNDARIO - NOMBRE PERSONAL |
| Nombre personal |
Seow, C. L. |
| Responsabilidad |
autor |
| 9 (RLIN) |
6427 |
| 700 ## - ASIENTO SECUNDARIO - NOMBRE PERSONAL |
| Nombre personal |
Blenkinsopp, Joseph, |
| Responsabilidad |
autor |
| 9 (RLIN) |
6428 |
| 700 ## - ASIENTO SECUNDARIO - NOMBRE PERSONAL |
| Nombre personal |
Lundbom, Jack R. |
| Responsabilidad |
autor |
| 9 (RLIN) |
6429 |
| 700 ## - ASIENTO SECUNDARIO - NOMBRE PERSONAL |
| Nombre personal |
Greenberg, Moshe, |
| Responsabilidad |
autor |
| 9 (RLIN) |
6430 |
| 700 ## - ASIENTO SECUNDARIO - NOMBRE PERSONAL |
| Nombre personal |
Moore, Carey A., |
| Responsabilidad |
autor |
| 9 (RLIN) |
6431 |
| 700 ## - ASIENTO SECUNDARIO - NOMBRE PERSONAL |
| Nombre personal |
Andersen, Francis I. |
| Responsabilidad |
autor |
| 9 (RLIN) |
3080 |
| 700 1# - ASIENTO SECUNDARIO - NOMBRE PERSONAL |
| Nombre personal |
Crenshaw, James L. |
| Responsabilidad |
autor |
| 9 (RLIN) |
6432 |
| 700 ## - ASIENTO SECUNDARIO - NOMBRE PERSONAL |
| Nombre personal |
Sasson, Jack M. |
| Responsabilidad |
autor |
| 9 (RLIN) |
6433 |
| 700 ## - ASIENTO SECUNDARIO - NOMBRE PERSONAL |
| Nombre personal |
Meyers, Carol L. |
| Responsabilidad |
autor |
| 9 (RLIN) |
6434 |
| 700 ## - ASIENTO SECUNDARIO - NOMBRE PERSONAL |
| Nombre personal |
Hill, Andrew E. |
| Responsabilidad |
autor |
| 9 (RLIN) |
6435 |
| 700 ## - ASIENTO SECUNDARIO - NOMBRE PERSONAL |
| Nombre personal |
Skehan, Patrick W. |
| Responsabilidad |
autor |
| 9 (RLIN) |
6436 |
| 700 ## - ASIENTO SECUNDARIO - NOMBRE PERSONAL |
| Nombre personal |
Moore, Carey A., |
| Responsabilidad |
autor |
| 9 (RLIN) |
6431 |
| 700 ## - ASIENTO SECUNDARIO - NOMBRE PERSONAL |
| Nombre personal |
Goldstein, Jonathan A. |
| Responsabilidad |
autor |
| 9 (RLIN) |
6437 |
| 700 ## - ASIENTO SECUNDARIO - NOMBRE PERSONAL |
| Nombre personal |
Winston, David, |
| Responsabilidad |
autor |
| 9 (RLIN) |
6438 |
| 700 ## - ASIENTO SECUNDARIO - NOMBRE PERSONAL |
| Nombre personal |
Levine, Baruch A. |
| Responsabilidad |
autor |
| 9 (RLIN) |
6476 |
| 942 ## - TIPO DE MATERIAL (KOHA) |
| Tipo de Item KOHA |
Libros de Referencia |
| 945 ## - INFORMACIÓN LOCAL DEL REGISTRO |
| Catalogador |
JTF-925 |